[Event "World Blitz Women 2025"]
[Site "Doha QAT"]
[Date "2025.12.29"]
[Round "5.37"]
[White "Preobrazhenskaya, Diana"]
[Black "Cori T., Deysi"]
[Result "0-1"]
[WhiteTitle "WFM"]
[BlackTitle "IM"]
[WhiteElo "2131"]
[BlackElo "2349"]
[WhiteFideId "34270566"]
[BlackFideId "3801934"]
[EventDate "2025.12.29"]

1. e4 e6 2. d4 d5 3. Nc3 Nf6 4. Bg5 Be7 5. e5 Nfd7 6. Bxe7 Qxe7 7. f4 a6 8. Nf3
c5 9. Qd2 Nc6 10. Ne2 cxd4 11. Nexd4 Nc5 12. c3 Bd7 13. Be2 O-O 14. O-O Ne4 15.
Qe3 f5 16. exf6 Qxf6 17. Nxc6 bxc6 18. Ne5 Qe7 19. Bd3 Nf6 20. Rae1 Rfe8 21. Qh3
Rab8 22. Re2 a5 23. Rfe1 Qc5+ 24. Kh1 Bc8 25. Ng4 Re7 26. Nxf6+ gxf6 27. Re3 Kh8
28. Qh6 Rf7 29. Bxh7 Qf8 30. Qxf8+ Rxf8 31. Rh3 Rxb2 32. f5 e5 33. Bg6+ Kg8 34.
Rg3 Kh8 35. h3 Rf2 36. Kg1 Rf4 37. Rf1 Rxf1+ 38. Kxf1 Ba6+ 39. Kg1 Rb8 40. Rg4
Rb1+ 41. Kh2 Rb2 42. Rh4+ Kg8 43. Kg1 Rb1+ 44. Kf2 Rb2+ 45. Kf3 Bf1 46. g3 c5
47. Rh7 d4 48. cxd4 cxd4 49. g4 Be2+ 50. Kg3 d3 51. Rd7 d2 52. Bf7+ Kf8 53. Bb3
Rxb3+ 54. axb3 d1=Q 55. Rxd1 Bxd1 56. h4 Bxb3 57. h5 Kg7 58. Kf2 a4 59. Ke3 a3
60. Kd2 a2 0-1

[Event "World Blitz Women 2025"]
[Site "Doha QAT"]
[Date "2025.12.29"]
[Round "5.38"]
[White "Lyutsinger, Iren"]
[Black "Atalik, Ekaterina"]
[Result "1-0"]
[WhiteTitle "FM"]
[BlackTitle "IM"]
[WhiteElo "2169"]
[BlackElo "2349"]
[WhiteFideId "34425969"]
[BlackFideId "4130189"]
[EventDate "2025.12.29"]

1. e4 e5 2. Nf3 Nc6 3. Bb5 a6 4. Ba4 d6 5. O-O Bd7 6. c4 g6 7. d4 exd4 8. Bxc6
Bxc6 9. Qxd4 f6 10. Nc3 Bg7 11. c5 dxc5 12. Qxc5 Qe7 13. Qc4 Qf7 14. Qe2 Ne7 15.
Bf4 Rc8 16. Rad1 O-O 17. Rd2 Rfe8 18. Rfd1 h5 19. h4 Kh7 20. Qf1 Ng8 21. Nd4
Bxe4 22. Nxe4 Rxe4 23. Bg3 Re7 24. b4 Rd7 25. a4 Rcd8 26. b5 axb5 27. axb5 Ne7
28. Qe2 Nc8 29. Bf4 Nb6 30. Nf3 Nd5 31. Qc4 c6 32. bxc6 bxc6 33. Qxc6 Nxf4 34.
Rxd7 Rxd7 35. Qxd7 Qb3 36. Qd2 Bh6 37. Qe1 Bg7 38. Nd4 Qd5 39. Nf3 Qc6 40. Qe3
g5 41. hxg5 Nd5 42. Qe4+ 1-0

[Event "World Blitz Women 2025"]
[Site "Doha QAT"]
[Date "2025.12.29"]
[Round "5.39"]
[White "Padmini, Rout"]
[Black "Zhurova, Anna"]
[Result "1-0"]
[WhiteTitle "IM"]
[BlackTitle "WFM"]
[WhiteElo "2354"]
[BlackElo "2299"]
[WhiteFideId "5029295"]
[BlackFideId "54113075"]
[EventDate "2025.12.29"]

1. e4 c5 2. Nf3 d6 3. c3 Nf6 4. Be2 g6 5. O-O Bg7 6. Re1 O-O 7. Bf1 Nc6 8. h3 e5
9. a4 Be6 10. Na3 a6 11. d4 cxd4 12. cxd4 exd4 13. Nc2 d5 14. e5 Ne4 15. Bf4 Qb6
16. Ncxd4 Qxb2 17. Re2 Qb6 18. Rb1 Qa7 19. Rc2 Nxd4 20. Nxd4 Rac8 21. Nxe6 fxe6
22. Be3 Qb8 23. Rxc8 Qxc8 24. Rc1 Qd8 25. Qg4 Rf5 26. Bd3 Rxe5 27. Bd4 Rg5 28.
Qxe6+ Kh8 29. Rc8 Qxc8 30. Qxc8# 1-0

[Event "World Blitz Women 2025"]
[Site "Doha QAT"]
[Date "2025.12.29"]
[Round "5.40"]
[White "Balajayeva, Khanim"]
[Black "Machlik, Monika"]
[Result "1-0"]
[WhiteTitle "IM"]
[WhiteElo "2351"]
[BlackElo "2084"]
[WhiteFideId "13406396"]
[BlackFideId "1513621"]
[EventDate "2025.12.29"]

1. e4 c6 2. d4 d5 3. e5 Bf5 4. h4 h5 5. Bd3 Bxd3 6. Qxd3 e6 7. Nf3 Qa5+ 8. Nbd2
Qa6 9. c4 Bb4 10. O-O Ne7 11. b3 Nd7 12. a4 c5 13. Ba3 Bxa3 14. Rxa3 Rc8 15. Qe3
Nf5 16. Qf4 Qc6 17. Raa1 cxd4 18. Nxd4 Nxd4 19. Qxd4 Qc5 20. Qf4 Rh6 21. Rac1
Rg6 22. cxd5 Qxc1 23. Rxc1 Rxc1+ 24. Kh2 Rg4 25. Qe3 Rxh4+ 26. Kg3 Rg4+ 27. Kf3
Rc5 28. dxe6 Nxe5+ 29. Ke2 Rd5 30. exf7+ Kxf7 31. Qxa7 Rd7 32. g3 Nd3 33. Nf3
Nc1+ 34. Kf1 Nd3 35. Qe3 Rd6 36. Ng5+ 1-0

[Event "World Blitz Women 2025"]
[Site "Doha QAT"]
[Date "2025.12.29"]
[Round "5.41"]
[White "Mgeladze, Kesaria"]
[Black "Kiolbasa, Oliwia"]
[Result "1/2-1/2"]
[WhiteTitle "WIM"]
[BlackTitle "IM"]
[WhiteElo "2195"]
[BlackElo "2397"]
[WhiteFideId "13621130"]
[BlackFideId "1154613"]
[EventDate "2025.12.29"]

1. e4 e5 2. Nf3 Nc6 3. Bb5 a6 4. Ba4 b5 5. Bb3 Na5 6. d4 exd4 7. Nxd4 Bb7 8. c3
Nxb3 9. Nxb3 d6 10. O-O Nf6 11. f3 Rb8 12. Be3 Be7 13. Nd4 O-O 14. Nf5 Re8 15.
Nxe7+ Qxe7 16. Re1 h6 17. Nd2 c5 18. Bf2 Rbd8 19. Nb3 Nd7 20. Qc2 Ne5 21. Rad1
Qc7 22. Nc1 a5 23. b3 Ng6 24. Ne2 d5 25. exd5 Bxd5 26. Bg3 Qc6 27. Nf4 Nxf4 28.
Bxf4 Be6 29. Rxd8 Rxd8 30. Rd1 Rd5 31. h3 Qd7 32. Rxd5 Qxd5 33. Kh2 a4 34. c4
bxc4 35. bxc4 Qxc4 36. Qxc4 Bxc4 37. Bd6 Bxa2 38. Bxc5 f5 39. Kg3 Kf7 40. Kf4
Ke6 41. h4 g6 42. g4 fxg4 43. fxg4 Bb1 44. Bf8 h5 45. gxh5 gxh5 46. Kg5 Kf7 47.
Ba3 Bg6 48. Bb4 Kg7 49. Bc3+ Kh7 50. Bb4 Be8 51. Ba3 Kg7 52. Bb4 Bf7 53. Ba3 Bg6
54. Bb2+ Kf7 55. Ba3 Be4 56. Kxh5 Bf3+ 57. Kg5 Ke6 58. Kf4 Bh5 59. Kg5 Be2 60.
h5 Bxh5 61. Kxh5 Ke5 1/2-1/2

[Event "World Blitz Women 2025"]
[Site "Doha QAT"]
[Date "2025.12.29"]
[Round "5.42"]
[White "Charvi A"]
[Black "Rakshitta, Ravi"]
[Result "0-1"]
[WhiteTitle "WFM"]
[BlackTitle "WGM"]
[WhiteElo "2270"]
[BlackElo "2381"]
[WhiteFideId "25165518"]
[BlackFideId "25073230"]
[EventDate "2025.12.29"]

1. e4 e5 2. Nf3 Nc6 3. Bc4 Bc5 4. c3 Nf6 5. d3 O-O 6. O-O d5 7. exd5 Nxd5 8. Re1
Bg4 9. Nbd2 Nb6 10. Bb5 Bd6 11. Ne4 f5 12. Ng3 Qd7 13. h3 Bxf3 14. Qxf3 a6 15.
Bxc6 bxc6 16. Bd2 Rae8 17. Rad1 e4 18. dxe4 fxe4 19. Qe3 Nc4 20. Qe2 Nxb2 21.
Rb1 Nd3 22. Rf1 Nxf2 23. Rxf2 Bxg3 24. Rxf8+ Rxf8 25. Be3 h6 26. Qxa6 Qf5 27.
Qe2 Bd6 28. Bd4 Qf4 29. Qc4+ Kh7 0-1

[Event "World Blitz Women 2025"]
[Site "Doha QAT"]
[Date "2025.12.29"]
[Round "5.43"]
[White "Parnali, S Dharia"]
[Black "Mamedjarova, Turkan"]
[Result "0-1"]
[WhiteTitle "WIM"]
[BlackTitle "WGM"]
[WhiteElo "2150"]
[BlackElo "2216"]
[WhiteFideId "5043131"]
[BlackFideId "13402005"]
[EventDate "2025.12.29"]

1. d4 Nf6 2. c4 e6 3. Nc3 Bb4 4. g3 d5 5. Bg2 O-O 6. Qb3 a5 7. a3 Bxc3+ 8. Qxc3
c6 9. Bg5 h6 10. Bxf6 Qxf6 11. Nf3 Nd7 12. O-O dxc4 13. Qxc4 e5 14. Qc3 exd4 15.
Nxd4 Ne5 16. Rac1 Bg4 17. h3 Bh5 18. b4 Rfd8 19. Rfd1 axb4 20. Qxb4 Rab8 21. g4
Bg6 22. a4 Nd7 23. Nb3 Qe6 24. Nd4 Qe5 25. Qc3 Nf6 26. a5 Ra8 27. Qb4 h5 28. Nf3
Rxd1+ 29. Rxd1 Qxe2 30. Re1 Qa6 31. Re7 hxg4 32. hxg4 Nd5 0-1

[Event "World Blitz Women 2025"]
[Site "Doha QAT"]
[Date "2025.12.29"]
[Round "5.44"]
[White "Badelka, Olga"]
[Black "Sawan, Eman"]
[Result "1-0"]
[WhiteTitle "IM"]
[BlackTitle "WFM"]
[WhiteElo "2395"]
[BlackElo "1960"]
[WhiteFideId "13509926"]
[BlackFideId "11511729"]
[EventDate "2025.12.29"]

1. d4 Nf6 2. Nf3 g6 3. Nbd2 Bg7 4. e4 d6 5. Bd3 O-O 6. O-O Nbd7 7. Re1 e5 8.
dxe5 dxe5 9. b4 Nh5 10. Bb2 Nf4 11. Bf1 Qe7 12. a3 Nb6 13. a4 Rd8 14. a5 Nd7 15.
Bc3 Nf8 16. Qc1 c6 17. Qb2 Re8 18. Nc4 Nd7 19. Rad1 g5 20. Nd6 Rf8 21. Nf5 Qe8
22. Nxg5 f6 23. Bc4+ Kh8 24. Nd6 Qg6 25. Ngf7+ Rxf7 26. Nxf7+ Kg8 27. Nxe5+ 1-0

[Event "World Blitz Women 2025"]
[Site "Doha QAT"]
[Date "2025.12.29"]
[Round "5.45"]
[White "Vaishali, Rameshbabu"]
[Black "Gaboyan, Susanna"]
[Result "1-0"]
[WhiteTitle "GM"]
[BlackTitle "WIM"]
[WhiteElo "2473"]
[BlackElo "2182"]
[WhiteFideId "5091756"]
[BlackFideId "13303627"]
[EventDate "2025.12.29"]

1. d4 Nf6 2. Nf3 g6 3. g3 Bg7 4. Bg2 O-O 5. O-O d5 6. c4 c6 7. a4 dxc4 8. Nc3
Nbd7 9. e4 b6 10. e5 Nd5 11. h4 Bb7 12. h5 c5 13. hxg6 hxg6 14. Re1 cxd4 15.
Qxd4 Nxc3 16. bxc3 Nc5 17. Qh4 Bxf3 18. Bxf3 Rc8 19. Kg2 Qd3 20. Rh1 Rfd8 21.
Qh7+ Kf8 22. Bh6 Bxh6 23. Qh8# 1-0

[Event "World Blitz Women 2025"]
[Site "Doha QAT"]
[Date "2025.12.29"]
[Round "5.46"]
[White "Yakubbaeva, Nilufar"]
[Black "Dronavalli, Harika"]
[Result "1-0"]
[WhiteTitle "WGM"]
[BlackTitle "GM"]
[WhiteElo "2229"]
[BlackElo "2466"]
[WhiteFideId "14204487"]
[BlackFideId "5015197"]
[EventDate "2025.12.29"]

1. Nf3 g6 2. d4 Bg7 3. e3 d6 4. b3 Nd7 5. Bb2 c6 6. c4 Ngf6 7. Nc3 O-O 8. Be2 e5
9. dxe5 dxe5 10. O-O Re8 11. Qd2 e4 12. Nd4 Ne5 13. Rad1 Qc7 14. Qc2 Neg4 15. g3
h5 16. Rfe1 b6 17. Bf1 a6 18. Bg2 c5 19. Nde2 Bb7 20. Nf4 Rad8 21. Rxd8 Rxd8 22.
Rd1 Rxd1+ 23. Qxd1 g5 24. Nfd5 Qe5 25. Nxf6+ Bxf6 26. Qd2 Qf5 27. h3 Ne5 28. Nd5
Bg7 29. Ne7+ 1-0

[Event "World Blitz Women 2025"]
[Site "Doha QAT"]
[Date "2025.12.29"]
[Round "5.47"]
[White "Munkhzul, Turmunkh"]
[Black "Dwilewicz, Katarzyna"]
[Result "1-0"]
[WhiteTitle "WGM"]
[BlackTitle "WFM"]
[WhiteElo "2271"]
[BlackElo "2185"]
[WhiteFideId "4901878"]
[BlackFideId "1148486"]
[EventDate "2025.12.29"]

1. e4 e5 2. Nf3 Nc6 3. Bb5 a6 4. Bxc6 dxc6 5. Nc3 f6 6. d4 exd4 7. Qxd4 Qxd4 8.
Nxd4 Bd7 9. Be3 O-O-O 10. f3 Ne7 11. Kf2 Ng6 12. Rad1 Ne5 13. b3 h5 14. h4 b6
15. Nde2 Kb7 16. Nf4 Bb4 17. Nce2 g6 18. Bd4 Rhg8 19. Nd3 Nxd3+ 20. Rxd3 Be7 21.
Rhd1 Bc8 22. Be3 Rxd3 23. Rxd3 g5 24. hxg5 fxg5 25. Rd1 c5 26. Nc3 Bd6 27. Nd5
h4 28. Nf6 Rf8 29. Nh7 Rd8 30. Nxg5 Rg8 31. f4 Bg4 32. Rh1 a5 33. Rxh4 Bd1 34.
c3 a4 35. bxa4 Bxa4 36. e5 Be7 37. Rh7 Bxg5 38. fxg5 Re8 39. Bf4 Bc2 40. Rf7 Bg6
41. Rf6 Be4 42. Ke3 Bxg2 43. g6 Bd5 44. a3 Ra8 45. g7 Rxa3 46. e6 Ra1 47. g8=Q 1-0

[Event "World Blitz Women 2025"]
[Site "Doha QAT"]
[Date "2025.12.29"]
[Round "5.48"]
[White "Miranda Rodriguez, Tania"]
[Black "Chen, Yining"]
[Result "0-1"]
[WhiteTitle "WIM"]
[BlackTitle "FM"]
[WhiteElo "2051"]
[BlackElo "2278"]
[WhiteFideId "3510417"]
[BlackFideId "8620946"]
[EventDate "2025.12.29"]

1. e4 e6 2. d4 d5 3. Nd2 c5 4. Ngf3 cxd4 5. exd5 Qxd5 6. Bc4 Qd6 7. O-O Nc6 8.
Ne4 Qd8 9. Qe2 Nf6 10. Bg5 Be7 11. Rad1 Nxe4 12. Bxe7 Qxe7 13. Qxe4 Qc5 14. b3
Bd7 15. Nxd4 Nxd4 16. Qxd4 Qxd4 17. Rxd4 Bc6 18. a4 Ke7 19. Rfd1 a5 20. f4 Rac8
21. Kf2 Rhg8 22. h4 h6 23. g3 g5 24. fxg5 hxg5 25. h5 g4 26. Be2 f5 27. Bc4 Kf6
28. Rd6 Rce8 29. Re1 Be4 30. c3 Rh8 31. Bb5 Re7 32. Rd8 Rxd8 0-1

[Event "World Blitz Women 2025"]
[Site "Doha QAT"]
[Date "2025.12.29"]
[Round "5.49"]
[White "Jimenez Fernandez, Rebeca"]
[Black "Yu, Jennifer"]
[Result "0-1"]
[WhiteTitle "WFM"]
[BlackTitle "FM"]
[WhiteElo "2137"]
[BlackElo "2276"]
[WhiteFideId "32070934"]
[BlackFideId "2078341"]
[EventDate "2025.12.29"]

1. e4 g6 2. d4 Bg7 3. Nc3 d6 4. f4 a6 5. Nf3 b5 6. Be3 Nd7 7. Qd2 Bb7 8. Bd3 c5
9. d5 Ngf6 10. e5 dxe5 11. fxe5 Nxd5 12. e6 fxe6 13. Bh6 Bf6 14. O-O Nxc3 15.
bxc3 Qb6 16. Kh1 O-O-O 17. Qe2 c4 18. Be4 e5 19. a4 Bxe4 20. Qxe4 Qb7 21. Qe2 e4
22. Nd4 e5 23. Ne6 Rde8 24. Ng5 Bxg5 25. Bxg5 Rhf8 26. axb5 axb5 27. Rxf8 Rxf8
28. Be7 Rf7 29. Bd6 Qc6 30. Bb4 Nf6 31. Qe3 Ng4 32. Qg5 Nf2+ 33. Kg1 Qb6 34.
Qxe5 Nh3+ 35. Kh1 Qg1+ 0-1

[Event "World Blitz Women 2025"]
[Site "Doha QAT"]
[Date "2025.12.29"]
[Round "5.50"]
[White "Dimitrijevic, Aleksandra"]
[Black "Bulmaga, Irina"]
[Result "0-1"]
[WhiteTitle "WGM"]
[BlackTitle "IM"]
[WhiteElo "2063"]
[BlackElo "2389"]
[WhiteFideId "929239"]
[BlackFideId "13903063"]
[EventDate "2025.12.29"]

1. d4 Nf6 2. c4 e6 3. g3 c5 4. d5 exd5 5. cxd5 d6 6. Bg2 g6 7. e4 Bg7 8. Nc3 O-O
9. Nge2 Re8 10. O-O b5 11. Nxb5 Nxe4 12. Nec3 Nxc3 13. Nxc3 Nd7 14. Bf4 Ne5 15.
Re1 Bg4 16. f3 Nxf3+ 17. Bxf3 Rxe1+ 18. Qxe1 Bxf3 19. Be3 Qd7 20. Bf2 Re8 21.
Qf1 Qf5 22. Re1 Rxe1 23. Qxe1 h5 24. a4 Bxd5 25. Qe8+ Kh7 26. Nxd5 Qxd5 27. Qe7
a5 28. Qc7 c4 29. Qb6 Be5 30. Kf1 Kg7 31. Kg1 Qd1+ 32. Kg2 Qxa4 33. Bd4 Qc2+ 0-1

[Event "World Blitz Women 2025"]
[Site "Doha QAT"]
[Date "2025.12.29"]
[Round "5.51"]
[White "Nguyen Hong Anh"]
[Black "Zherebtsova, Alexandra"]
[Result "0-1"]
[WhiteTitle "WIM"]
[BlackTitle "FM"]
[WhiteElo "2010"]
[BlackElo "2307"]
[WhiteFideId "12406732"]
[BlackFideId "24129518"]
[EventDate "2025.12.29"]

1. d4 Nf6 2. c4 b6 3. Nc3 Bb7 4. Nf3 e6 5. g3 Bb4 6. Bg2 Ne4 7. Qc2 f5 8. O-O
Bxc3 9. bxc3 O-O 10. Nd2 Nd6 11. e4 fxe4 12. Nxe4 Nxe4 13. Bxe4 Bxe4 14. Qxe4
Nc6 15. Bf4 Na5 16. d5 Re8 17. Rfd1 e5 18. Be3 d6 19. Re1 Qf6 20. h4 Rf8 21. Kg2
Rf7 22. Rac1 Raf8 23. f4 exf4 24. Bxf4 Qf5 25. Qd4 Qg4 26. Re4 Nb7 27. Rf1 Nc5
28. Ree1 Qg6 29. Re2 Qd3 30. Rd2 Qe4+ 31. Kh2 Qg6 32. Re1 Qg4 33. Rde2 Rxf4 34.
gxf4 Qxh4+ 35. Kg2 Qg4+ 36. Kh1 Qh4+ 37. Kg1 Qg3+ 38. Kf1 Nd3 39. Re8 Nxe1 40.
Rxf8+ Kxf8 41. Ke2 Nf3 42. Qe4 Ng1+ 43. Kf1 Nh3 44. Qxh7 Qf2# 0-1

[Event "World Blitz Women 2025"]
[Site "Doha QAT"]
[Date "2025.12.29"]
[Round "5.52"]
[White "Nomin-Erdene, Davaademberel"]
[Black "Olde, Margareth"]
[Result "1-0"]
[WhiteTitle "IM"]
[BlackTitle "WIM"]
[WhiteElo "2312"]
[BlackElo "2214"]
[WhiteFideId "4900782"]
[BlackFideId "4503082"]
[EventDate "2025.12.29"]

1. e4 d6 2. d4 Nf6 3. Nc3 e5 4. Nf3 Nbd7 5. Bc4 Be7 6. O-O O-O 7. Re1 c6 8. a4
h6 9. b3 Re8 10. Bb2 Bf8 11. h3 exd4 12. Nxd4 Nc5 13. Qf3 Ne6 14. Nxe6 Bxe6 15.
Bd3 Nd7 16. Ne2 Ne5 17. Qg3 Nxd3 18. Qxd3 d5 19. e5 g6 20. Nd4 Bg7 21. f4 Qd7
22. Rad1 a6 23. Ba3 b6 24. Bd6 Bf8 25. Bxf8 Rxf8 26. Rf1 f5 27. exf6 Rxf6 28.
Nf3 Bf5 29. Qc3 Re6 30. Ne5 Qd6 31. Rfe1 Rae8 32. g4 Rf8 33. gxf5 Rxf5 34. Ng4
Qf8 35. Rxe6 1-0

[Event "World Blitz Women 2025"]
[Site "Doha QAT"]
[Date "2025.12.29"]
[Round "5.53"]
[White "Girya, Olga"]
[Black "Berikkyzy Alanna"]
[Result "1-0"]
[WhiteTitle "GM"]
[BlackTitle "WFM"]
[WhiteElo "2398"]
[BlackElo "2241"]
[WhiteFideId "4195752"]
[BlackFideId "13780719"]
[EventDate "2025.12.29"]

1. d4 Nf6 2. c4 e6 3. Nc3 d5 4. Nf3 Bb4 5. e3 O-O 6. Qc2 dxc4 7. Bxc4 c5 8. dxc5
Bxc5 9. O-O Nc6 10. Rd1 Qe7 11. a3 a5 12. Bd3 h6 13. b3 e5 14. Ne4 Nxe4 15. Bxe4
Bg4 16. h3 Bxf3 17. Bxf3 Rad8 18. Bb2 Nb8 19. Rdc1 b6 20. Qf5 Nd7 21. Rc4 Qg5
22. Qxg5 hxg5 23. b4 axb4 24. axb4 Be7 25. Ra7 Bf6 26. Rcc7 Nb8 27. b5 Rd2 28.
Ba3 Rfd8 29. Rxf7 Nd7 30. Bh5 Rd3 31. Be7 Bxe7 32. Rxe7 Rd5 33. Bg4 Nc5 34.
Rxg7+ Kh8 35. Rh7+ Kg8 36. Rag7+ Kf8 37. Rxg5 Nd7 38. Rh8+ Ke7 39. Rg7+ Kf6 40.
Rxd8 1-0

[Event "World Blitz Women 2025"]
[Site "Doha QAT"]
[Date "2025.12.29"]
[Round "5.54"]
[White "Karimova, Guldona"]
[Black "Mkrtchyan, Mariam"]
[Result "0-1"]
[WhiteTitle "WIM"]
[BlackTitle "WIM"]
[WhiteElo "2288"]
[BlackElo "2353"]
[WhiteFideId "14210410"]
[BlackFideId "13310828"]
[EventDate "2025.12.29"]

1. e4 e5 2. Nf3 Nc6 3. Bc4 Nf6 4. d3 Be7 5. O-O O-O 6. Re1 d6 7. a4 Be6 8. Nbd2
Bxc4 9. Nxc4 Re8 10. c3 h6 11. Ne3 Bf8 12. Nf5 d5 13. Qc2 a5 14. b3 Qd7 15. h3
Rad8 16. Bd2 dxe4 17. dxe4 Qd3 18. Qxd3 Rxd3 19. Re2 Red8 20. Rc1 Kh7 21. b4 g6
22. Ng3 Nd7 23. Nf1 Nb6 24. b5 Rxf3 25. gxf3 Nb8 26. Ra1 N8d7 27. Be3 Nc5 28.
Bxc5 Bxc5 29. Rd2 Rf8 30. Ne3 f5 31. exf5 gxf5 32. Nd5 Nc4 33. Re2 Rf7 34. Ne3
Nb6 35. Rd2 e4 36. fxe4 fxe4 37. Rd8 Rf3 38. Re1 Nxa4 39. Rd7+ Kg6 40. Rxc7 b6
41. Rc6+ Kh7 42. Re2 Nxc3 43. Rc2 Nxb5 44. Nd5 Nd4 45. Rc7+ Kg6 46. Ra2 a4 47.
Rb7 a3 48. Rd7 Rb3 49. Nf4+ Kf5 50. Rf7+ Ke5 51. Ng6+ Ke6 52. Ra7 Rb2 53. Ra1
Nb3 54. Rd1 a2 55. Nf4+ Ke5 56. Ng6+ Kf6 57. Nh8 Rb1 58. Rxa2 Rxd1+ 59. Kg2 Rd2
60. Ra8 Rxf2+ 61. Kg3 Rf3+ 62. Kg4 Nd4 63. Rc8 h5+ 64. Kxh5 Rxh3+ 65. Kg4 Rh1
66. Rb8 e3 67. Re8 e2 68. Kg3 e1=Q+ 69. Rxe1 Rxe1 70. Kf4 Re8 71. Kg3 Rxh8 0-1

[Event "World Blitz Women 2025"]
[Site "Doha QAT"]
[Date "2025.12.29"]
[Round "5.55"]
[White "Khotenashvili, Bella"]
[Black "Shubenkova, Veronika"]
[Result "1-0"]
[WhiteTitle "GM"]
[BlackTitle "WFM"]
[WhiteElo "2426"]
[BlackElo "2013"]
[WhiteFideId "13602640"]
[BlackFideId "44124040"]
[EventDate "2025.12.29"]

1. Nf3 d5 2. g3 e6 3. Bg2 f5 4. O-O Nf6 5. d3 Bd6 6. Nbd2 f4 7. e4 fxe3 8. fxe3
O-O 9. Qe2 e5 10. e4 Bg4 11. h3 Bxf3 12. Rxf3 c6 13. Nf1 Nbd7 14. Kh2 Qe8 15.
Bd2 Qh5 16. Kg1 Qg6 17. Rf5 Rae8 18. g4 Bc5+ 19. Kh1 h6 20. Ng3 Bd4 21. c3 Bb6
22. Raf1 dxe4 23. dxe4 Nh7 24. Qc4+ Kh8 25. b4 Qd6 26. Bc1 a5 27. a3 axb4 28.
axb4 Ba7 29. Rxf8+ Rxf8 30. Nf5 Qg6 31. Rd1 Ndf6 32. Qe6 Ng5 33. Qxe5 Bb8 34.
Qe7 Re8 35. Rd8 Kh7 36. Rxe8 Nxe8 37. e5 Nf7 38. Qxe8 Ba7 39. Be4 h5 40. Ng3 1-0

[Event "World Blitz Women 2025"]
[Site "Doha QAT"]
[Date "2025.12.29"]
[Round "5.56"]
[White "Kulon, Klaudia"]
[Black "Rouda Essa, Alserkal"]
[Result "1-0"]
[WhiteTitle "IM"]
[BlackTitle "WGM"]
[WhiteElo "2335"]
[BlackElo "2052"]
[WhiteFideId "1131044"]
[BlackFideId "9314318"]
[EventDate "2025.12.29"]

1. c4 Nf6 2. g3 e6 3. Bg2 Be7 4. Nf3 O-O 5. O-O d5 6. b3 b6 7. cxd5 exd5 8. Bb2
Bb7 9. d4 Nbd7 10. Nc3 a6 11. Rc1 Bd6 12. Nd2 Re8 13. Re1 Bb4 14. a3 Bxc3 15.
Rxc3 Rc8 16. b4 Nf8 17. Nf3 Ne4 18. Rc1 Qf6 19. e3 h6 20. Qe2 Nd7 21. a4 Qe7 22.
b5 axb5 23. axb5 Nd6 24. Ne5 f6 25. Ng6 Qf7 26. Nf4 g5 27. Nd3 Nc4 28. Ba1 Ra8
29. Nb4 Ra7 30. Bf3 Nf8 31. Nxd5 Bxd5 32. Bxd5 Qxd5 33. Qxc4 Qxc4 34. Rxc4 Kf7
35. d5 Nd7 36. Rec1 Nc5 37. Bd4 Rd8 38. Bxc5 bxc5 39. Rxc5 Rd7 40. g4 Ke7 41. e4
Rb7 42. Ra1 Kd6 43. Rc6+ Ke5 44. Re6+ Kf4 45. Re1 Kxg4 46. Rxf6 Rxb5 47. Rxh6
Rb2 48. Rf6 Rh7 49. Kg2 Rh3 50. e5 Rd3 51. e6 1-0

[Event "World Blitz Women 2025"]
[Site "Doha QAT"]
[Date "2025.12.29"]
[Round "5.57"]
[White "Li, Xueyi"]
[Black "Zhu, Chen"]
[Result "1/2-1/2"]
[WhiteTitle "WGM"]
[BlackTitle "GM"]
[WhiteElo "2202"]
[BlackElo "2423"]
[WhiteFideId "8605912"]
[BlackFideId "8600546"]
[EventDate "2025.12.29"]

1. d4 d5 2. c4 c6 3. Nf3 Nf6 4. cxd5 cxd5 5. Nc3 a6 6. Bf4 Nc6 7. e3 Bf5 8. Rc1
e6 9. Qb3 Ra7 10. Ne5 Nxe5 11. Bxe5 Nd7 12. Qa4 Ra8 13. Be2 b5 14. Qd1 Nxe5 15.
dxe5 Qb8 16. Qd4 Be7 17. e4 dxe4 18. Nxe4 Bxe4 19. Qxe4 O-O 20. O-O Rc8 21. h4
Ra7 22. h5 Rac7 23. Rxc7 Qxc7 24. Bd3 g6 25. a4 Qb6 26. axb5 axb5 27. Ra1 Bc5
28. Qf3 Bf8 29. Ra8 Rxa8 30. Qxa8 Qc5 31. Qe4 Qc1+ 32. Kh2 Qxb2 33. hxg6 hxg6
34. f3 b4 35. Bc4 Qc3 36. Bxe6 fxe6 37. Qxg6+ Bg7 38. Qe8+ Kh7 39. Qh5+ Kg8 40.
Qe8+ Kh7 41. Qh5+ 1/2-1/2

[Event "World Blitz Women 2025"]
[Site "Doha QAT"]
[Date "2025.12.29"]
[Round "5.58"]
[White "Nordahl, Christine"]
[Black "Zhang, Lanlin"]
[Result "0-1"]
[BlackTitle "WIM"]
[WhiteElo "1835"]
[BlackElo "2291"]
[WhiteFideId "1557939"]
[BlackFideId "8608032"]
[EventDate "2025.12.29"]

1. d4 Nf6 2. c4 e6 3. Nc3 Bb4 4. Qc2 c5 5. dxc5 O-O 6. a3 Bxc5 7. Nf3 d5 8. cxd5
exd5 9. Bg5 Be7 10. e3 Be6 11. Be2 Nc6 12. O-O Rc8 13. Rfd1 Qb6 14. b4 h6 15.
Bh4 Rfd8 16. Qb2 a6 17. Rac1 Ne4 18. Bxe7 Nxe7 19. Na4 Qa7 20. Nd4 Bd7 21. Nc3
Nxc3 22. Rxc3 Qb6 23. Rdc1 Rxc3 24. Rxc3 Nc6 25. Nxc6 Bxc6 26. Rc5 Qc7 27. Bf3
Qd6 28. Qd4 Kf8 29. Rc1 Qf6 30. Qc5+ Qe7 31. Qb6 Qf6 32. Rd1 Rd7 33. h3 g6 34.
e4 dxe4 35. Rxd7 exf3 36. Rd8+ Kg7 37. Qd4 Qxd4 38. Rxd4 fxg2 39. Rc4 g5 40. Rc5
Kg6 41. a4 h5 42. b5 axb5 43. axb5 Bf3 44. Rc3 g4 45. hxg4 hxg4 46. Rc7 f5 47.
Rc8 Kf6 48. Re8 Kg5 49. Re7 Be4 50. Re8 Kf4 51. Re7 Kf3 52. Re8 Ke2 53. Rd8 f4
54. Re8 Kf3 55. Re7 Bd5 56. Rd7 Be4 57. Re7 Bd5 58. Rd7 Be4 59. Re7 g3 60. fxg3
fxg3 61. Rf7+ Ke3 62. Rf8 Kd4 63. Rf4 Kd5 64. Rg4 Ke5 65. Rxg3 Kd4 66. Rg5 Bd5
67. Rg3 Kc5 68. Rg5 Kc4 69. Rh5 b6 70. Rh6 Kxb5 71. Rd6 Kc5 72. Rd8 b5 73. Rb8
b4 74. Rh8 b3 75. Rc8+ Kd4 76. Rb8 Kc3 77. Rb5 Be4 78. Re5 b2 79. Rb5 Bd5 80.
Rxd5 b1=Q+ 81. Kxg2 Qe4+ 0-1

[Event "World Blitz Women 2025"]
[Site "Doha QAT"]
[Date "2025.12.29"]
[Round "5.59"]
[White "Aydin, Gulenay"]
[Black "Druzhinina, Olga"]
[Result "0-1"]
[WhiteTitle "WIM"]
[BlackTitle "WFM"]
[WhiteElo "2259"]
[BlackElo "2175"]
[WhiteFideId "34557431"]
[BlackFideId "4141911"]
[EventDate "2025.12.29"]

1. e4 c5 2. Nf3 d6 3. d4 cxd4 4. Nxd4 Nf6 5. Nc3 a6 6. f3 e5 7. Nb3 h5 8. Be3
Be6 9. Qd2 Nbd7 10. Be2 Qc7 11. O-O Be7 12. Kh1 h4 13. f4 Rc8 14. f5 Bc4 15.
Rad1 b5 16. a3 Nb6 17. Bg5 Bxe2 18. Qxe2 Qc4 19. Qe3 Qc7 20. Qf3 h3 21. gxh3 Qb7
22. Rg1 Rxc3 23. bxc3 Nxe4 24. Bxe7 Rxh3 25. Rg3 Nxg3+ 26. Kg2 Rxh2+ 27. Kxg3
Rh3+ 28. Kxh3 Qxf3+ 0-1